Home Print Resources E-Books E-Journals IIMT Lecture Series Library Membership Form Book Recommendation Form Campus Tour Take AdmissionAbout Us Contact Us

DEVELOPMENT PSYCHOLOGY (Record no. 44018)

000 -LEADER
fixed length control field 00375nam a22001577a 4500
003 - CONTROL NUMBER IDENTIFIER
control field OSt
005 - DATE AND TIME OF LATEST TRANSACTION
control field 20240406093004.0
008 - FIXED-LENGTH DATA ELEMENTS--GENERAL INFORMATION
fixed length control field 180427b xxu||||| |||| 00| 0 eng d
020 ## - INTERNATIONAL STANDARD BOOK NUMBER
International Standard Book Number 9780070993631
040 ## - CATALOGING SOURCE
Transcribing agency SEROSOFT
100 ## - MAIN ENTRY--PERSONAL NAME
Personal name HURLOCK ELIZABETH
245 ## - TITLE STATEMENT
Title DEVELOPMENT PSYCHOLOGY
260 ## - PUBLICATION, DISTRIBUTION, ETC.
Place of publication, distribution, etc. NEW DELHI
Name of publisher, distributor, etc. McGRAW HILL
Date of publication, distribution, etc. 2017
300 ## - PHYSICAL DESCRIPTION
Extent 476
942 ## - ADDED ENTRY ELEMENTS (KOHA)
Source of classification or shelving scheme
Koha item type Text-Book- for 7 days
Holdings
Withdrawn status Lost status Source of classification or shelving scheme Damaged status Not for loan Home library Current library Date acquired Source of acquisition Coded location qualifier Cost, normal purchase price Total Checkouts Barcode Date last seen Date last checked out Uniform Resource Identifier Price effective from Koha item type Total Renewals
          IIMT University Central Library Meerut IIMT University Central Library Meerut 04/26/2018 BANSAL BOOK DISTRIBUTOR HOME SCIEN 725.00 4 01-B-126369 01/10/2020 09/11/2019 physiology 04/27/2018 Book Bank  
          IIMT University Central Library Meerut IIMT University Central Library Meerut 04/26/2018 BANSAL BOOK DISTRIBUTOR HOME SCIEN 725.00 5 01-B-126370 06/09/2021 04/19/2021 physiology 04/27/2018 Book Bank 2
IIMT, Central Library. All Rights Reserved IIMT,UNIVERSITY © 2023
Implemented and Customised by I CLOUDE EMS
You Are OPAC Visitor No
free web counter

Powered by Koha